000 00635nam a2200229 a 4500
999 _c7578
_d7578
001 7578
003 BD-JhCC
005 20180325110047.0
008 180211s1968 bg |||| ||a| 001 0 ben d
035 _a(BD-JhCC)7578
040 _aBD-JhCC
_dBD-JhCC
041 _aben
082 _a590
_bHAQ 1968
100 _aহক, জহুরুল
245 _aজীবন ও বিজ্ঞান /
_cজহুরুল হক.
260 _aঢাকা :
_bনওরোজ কিতাবিস্তান ;
_c1968 .
300 _a155 p . :
_c21 cm.
650 _aAimimal
650 _aSciemce
942 _2lcc
_cBK